MARC details
| 000 -LEADER |
| fixed length control field |
01395cam a2200361 a 4500 |
| 001 - CONTROL NUMBER |
| control field |
16550581 |
| 003 - CONTROL NUMBER IDENTIFIER |
| control field |
OSt |
| 005 - DATE AND TIME OF LATEST TRANSACTION |
| control field |
20230606102227.0 |
| 008 - FIXED-LENGTH DATA ELEMENTS--GENERAL INFORMATION |
| fixed length control field |
101123s2010 lu i000 0 eng c |
| 020 ## - INTERNATIONAL STANDARD BOOK NUMBER |
| International Standard Book Number |
9789282425770 |
| 035 ## - SYSTEM CONTROL NUMBER |
| System control number |
(OCoLC)ocn665863817 |
| 040 ## - CATALOGING SOURCE |
| Original cataloging agency |
GUB |
| Transcribing agency |
GUB |
| Modifying agency |
OSU |
| -- |
DLC |
| 042 ## - AUTHENTICATION CODE |
| Authentication code |
pcc |
| 043 ## - GEOGRAPHIC AREA CODE |
| Geographic area code |
e------ |
| 050 00 - LIBRARY OF CONGRESS CALL NUMBER |
| Classification number |
KJE4442.3 |
| Item number |
.E8734 2010 |
| 082 ## - DEWEY DECIMAL CLASSIFICATION NUMBER |
| Classification number |
341.242 |
| 110 2# - MAIN ENTRY--CORPORATE NAME |
| Corporate name or jurisdiction name as entry element |
European Union. |
| 245 10 - TITLE STATEMENT |
| Title |
Consolidated versions of the treaty on European Union and of the treaty on the functioning of the European Union : |
| Remainder of title |
charter of fundamental rights of the European Union / |
| Statement of responsibility, etc. |
[European Union]. |
| 246 14 - VARYING FORM OF TITLE |
| Title proper/short title |
European Union: consolidated treaties, charter of fundamental rights |
| 260 ## - PUBLICATION, DISTRIBUTION, ETC. (IMPRINT) |
| Place of publication, distribution, etc. |
Luxemburg : |
| Name of publisher, distributor, etc. |
Office for Official publications of the European Communities, |
| Date of publication, distribution, etc. |
c2010. |
| 300 ## - PHYSICAL DESCRIPTION |
| Extent |
403 p. ; |
| Dimensions |
25 cm. |
| 500 ## - GENERAL NOTE |
| General note |
"March 2010"--Cover. |
| 610 20 - SUBJECT ADDED ENTRY--CORPORATE NAME |
| Corporate name or jurisdiction name as entry element |
European Union. |
| 650 #0 - SUBJECT ADDED ENTRY--TOPICAL TERM |
| Topical term or geographic name as entry element |
Law |
| Geographic subdivision |
European Union countries. |
| 650 #0 - SUBJECT ADDED ENTRY--TOPICAL TERM |
| Topical term or geographic name as entry element |
European federation. |
| 730 02 - ADDED ENTRY--UNIFORM TITLE |
| Uniform title |
Treaty on European Union |
| Date of treaty signing |
(1992 February 7) |
| 730 02 - ADDED ENTRY--UNIFORM TITLE |
| Uniform title |
Treaty Establishing the European Economic Community |
| Date of treaty signing |
(1957 March 25) |
| 730 02 - ADDED ENTRY--UNIFORM TITLE |
| Uniform title |
Charter of Fundamental Rights of the European Union |
| Date of treaty signing |
(2000 December 7) |
| 906 ## - LOCAL DATA ELEMENT F, LDF (RLIN) |
| a |
7 |
| b |
cbc |
| c |
pccadap |
| d |
2 |
| e |
ncip |
| f |
20 |
| g |
y-gencatlg |
| 936 ## - OCLC/CONSER MISCELLANEOUS DATA (OCLC); PIECE USED FOR CATALOGING (pre-AACR2) (RLIN) |
| OCLC control number(s) of parallel record(s) (OCLC); Piece used for cataloging, PUC (RLIN) |
PR 664241247 |
| 942 ## - ADDED ENTRY ELEMENTS (KOHA) |
| Source of classification or shelving scheme |
Dewey Decimal Classification |
| Koha item type |
Books |